000 00452nam a2200169 a 4500
005 20140412111415.0
008 070706s19uu xx 00 eng d
020 _a81-7301-168-0
050 _aTR(GS 612.22
_bG95 2005
100 _aGupta, Prashant
245 _aMy big book of human body /
_cPrashant Gupta.
260 _aIndia :
_bDreamland Publications,
_c2005.
300 _a32
440 _aDreamland
650 _aHuman body
999 _c105798
_d105798